00501nam a22001817a 4500999001500000005001700015008004100032020001500073040000800088082002000096100002000116245004100136260003100177300001000208521006500218650002400283942001200307 c2417d241720181013131439.0181013b ||||| |||| 00| 0 eng d a0938612042 cDLC a261.578bB7427R aBoschman, Lamar aThe Rebirth of MusiccLamar Boschman aTexasbRevival Pressc1980 a95p,; aincludes list of scriptures about music in the bible [75-95] amusic's rolexmusic 2ddccBK